The Egyptian book of gates /

محفوظ في:

مؤلفون آخرون: Hornung, Erik., Abt, Theodor.

التنسيق: كتاب

اللغة: English

منشور في: Zurich : Living Human Heritage Publications, 2014.

الطبعة: 1st ed.

الموضوعات:

الوسوم: إضافة وسم

لا توجد وسوم, كن أول من يضع وسما على هذه التسجيلة!

رقم الطلب: PJ1559 .B6 H5

LEADER 01107nam a22002777a 4500
003 OSt
005 20251027084441.0
008 251027t2014 sz a b 001 0 eng d
020 |a 9783952388051 
040 |c ARCE Library 
050 1 4 |a PJ1559 .B6  |b H5 
245 4 |a The Egyptian book of gates /   |c translated by Erik Hornung in collaboration with Theodor Abt. 
250 |a 1st ed. 
264 1 |a Zurich :   |b Living Human Heritage Publications,   |c 2014. 
300 |a 475 pages :   |b illustrations (some color) ;   |c 23 cm. 
500 |a The Book of Gates is the second great Book of the Netherworld of the New Kingdom. This volume Includes the collated Book of Gates in images, hieroglyphs, transcription and English. 
504 |a Includes bibliographical references (page 458) and index. 
630 0 0 |a Book of that which is in the nether world. 
650 0 |a Death -- Religious aspects -- Funerary texts 
650 0 |a Funeral rites and ceremonies -- Egypt. 
651 0 |a Egypt   |x Religion. 
700 1 |a Hornung, Erik.  
700 1 |a Abt, Theodor. 
901 |a reviewed 
942 |2 lcc  |c BK 
999 |c 50174  |d 50174